TOP 20 des meilleurs buteurs de l'équipe de France de football - Statistiques

Statistiques générales
  • Ce quiz a été pris 1 044 fois
  • Le résultat moyen est 11 sur 21
Statistiques - réponses
Rang Nombre de buts Nombre de séléctions Goal ratio Joueurs % Correct
3 46 75 0,61 Kylian Mbappé
99%
1 56 129 0,43 Olivier Giroud
99%
4 44 127 0,35 Antoine Griezmann
96%
2 51 123 0,41 Thierry Henry
96%
8 31 108 0,29 Zinédine Zidane
91%
5 41 72 0,57 Michel Platini
83%
6 37 97 0,38 Karim Benzema
81%
7 34 71 0,48 David Trezeguet
67%
9 30 21 1,43 Just Fontaine
63%
20 16 81 0,2 Franck Ribéry
55%
9 30 54 0,56 Jean-Pierre Papin
52%
18 18 45 0,4 Raymond Kopa
39%
15 20 45 0,44 Éric Cantona
36%
20 16 97 0,16 Laurent Blanc
34%
11 28 82 0,34 Youri Djorkaeff
34%
12 26 92 0,28 Sylvain Wiltord
26%
14 21 25 0,84 Jean Nicolas
6%
15 20 35 0,57 Paul Nicolas
6%
13 22 46 0,48 Jean Vincent
5%
18 18 37 0,49 Roger Piantoni
4%
17 19 32 0,59 Jean Baratte
3%
Aucun quiz correspondant
Distribution des résultats
% des personnes avec chaque résultat
Percentile par nombre de réponses
Votre historique - résultats
Vous n’avez pas pris ce quiz